100 footballeurs par photos - Statistiques

Statistiques générales
  • Ce quiz a été pris 732 fois
  • Le résultat moyen est 77 sur 100
Statistiques - réponses
Par images Réponse % Correct
Kylian Mbappé
100%
Erling Haaland
98%
Antoine Griezmann
97%
Lionel Messi
97%
Harry Kane
95%
Jude Bellingham
95%
Kevin De Bruyne
95%
Vinicius Jr
95%
Gianluigi Donnarumma
94%
Mohamed Salah
94%
Neymar Jr
94%
Cristiano Ronaldo
93%
Robert Lewandowski
93%
Thibaut Courtois
93%
Karime Benzema
91%
Théo Hernandez
91%
Ousmane Dembélé
90%
Phil Foden
90%
Virgil Van Dijk
90%
Antonio Rüdiger
89%
Heung-min Son
89%
Rodri
89%
N'Golo Kanté
88%
Alisson Becker
87%
Marquinhos
87%
Mike Maignan
87%
Bernardo Silva
86%
Bukayo Saka
86%
Lautaro Martinez
86%
Pedri
86%
William Saliba
86%
Jules Koundé
85%
Manuel Neuer
85%
Paulo Dybala
85%
Federico Valverde
84%
Jamal Musiala
84%
Marc-André Ter Stegen
84%
Frenkie De Jong
83%
Jan Oblak
83%
Lamine Yamal
83%
Martin Ødegaard
83%
Rafael Leão
83%
Ederson
82%
Victor Osimhen
82%
Achraf Hakimi
81%
Bruno Fernandes
81%
Dani Carvajal
81%
Rodrygo
81%
Ángel Di María
80%
Aurélien Tchouaméni
80%
Declan Rice
80%
Luka Modrić
80%
Riyad Mahrez
80%
Vitinha
80%
Yann Sommer
80%
Cole Palmer
79%
Ilkay Gündoğan
79%
Kingsley Coman
79%
Trent Alexander-Arnold
79%
David Alaba
78%
Florian Wirtz
78%
Ruben Dias
77%
Tony Kroos
77%
Éder Militão
75%
Joshua Kimmich
75%
Ronald Araujo
75%
Nico Williams
72%
Alexis Mac Allister
69%
Arda Güler
69%
Diogo Jota
69%
Julián Álvarez
69%
Alexander Isak
68%
Loïs Openda
68%
Nathan Aké
68%
Raphinha
68%
Dani Olmo
66%
John Stones
66%
Jonathan David
65%
Alphonso Davies
64%
Andrew Robertson
64%
Khvicha Kvaratskhelia
64%
Gabriel
63%
Granit Xhaka
63%
Luis Díaz
62%
Manuel Akanji
61%
Viktor Gyökeres
61%
Ademola Lookman
60%
Joško Gvardiol
60%
Julian Brandt
58%
Bruno Guimarães
57%
Dušan Vlahović
57%
Nicolò Barella
57%
Alessandro Bastoni
56%
Jeremie Frimpong
56%
Serhou Guirassy
56%
Hakan Çalhanoğlu
55%
Ollie Watkins
55%
James Maddison
52%
Giorgi Mamardashvili
40%
Tijjani Reijnders
39%
Aucun quiz correspondant
Distribution des résultats
% des personnes avec chaque résultat
Percentile par nombre de réponses
Votre historique - résultats
Vous n’avez pas pris ce quiz